|
|
|
|
| LEADER |
00000nam0a2200000 4500 |
| 001 |
221694 |
| 005 |
20231031195807.0 |
| 010 |
|
|
|a 5713302741
|
| 020 |
|
|
|a RU
|b 90-13863
|
| 035 |
|
|
|a (RuTPU)RU\TPU\book\241871
|
| 090 |
|
|
|a 221694
|
| 100 |
|
|
|a 20120913d1990 m a0rusy5003 ca
|
| 101 |
0 |
|
|a rus
|
| 102 |
|
|
|a RU
|
| 105 |
|
|
|a y z 001zy
|
| 200 |
1 |
|
|a Западногерманские консерваторы: кто они?
|f А. А. Френкин
|
| 210 |
|
|
|a Москва
|c Международные отношения
|d 1990
|
| 215 |
|
|
|a 213,[1] с.
|d 22 см
|
| 320 |
|
|
|a Библиогр. в примеч.: с. 209-214.
|
| 333 |
|
|
|a Исключено из фонда НТБ ТПУ
|
| 700 |
|
1 |
|a Френкин
|b А. А.
|g Анатолий Анатольевич
|4 070
|
| 801 |
|
0 |
|a RU
|b RuMRKP
|c 19950417
|g psbo
|
| 801 |
|
1 |
|a RU
|b 63413507
|c 20120913
|
| 801 |
|
2 |
|a RU
|b 63413507
|c 20170130
|g RCR
|
| 942 |
|
|
|c BK
|